Surnoms de joueurs de Poker - Statistiques

Statistiques générales
  • Ce quiz a été pris 22 fois
  • Le résultat moyen est 10 sur 30
Statistiques - réponses
Hint Réponse % Correct
Elky Bertrand Grospellier
75%
Yoh Viral Johan Guilbert
70%
Texas Dolly Doyle Brunson
55%
Tiger Woods of Poker Phil Ivey
55%
The Magician (le magicien) Antonio Esfandiari
45%
Action Dan Dan Harrington
45%
The Poker Brat Phil Hellmuth
40%
El Matador Carlos Mortensen
35%
Jesus Chris Ferguson
35%
No Mercy Isabelle Mercier
35%
durrrr Tom Dwan
35%
Isildur Viktor Blom
35%
Kid Poker Daniel Negreanu
30%
Devilfish Dave Ulliott
30%
E-Dog Erick Lindgren
30%
The Grinder Michael Mizrachi
30%
The Mouth Mike Matusow
30%
Timex
Mike Mc Donald
30%
Jungleman Daniel Cates
25%
Fossilman Greg Raymer
25%
The Professor Howard Lederer
25%
Orient Express Johnny Chan
25%
The Flying Dutchman Marcel Luske
25%
The Unabomber Phil Laak
25%
The Great Dane Gus Hansen
20%
Amarillo Slim Thomas Austin Preston Jr
15%
Grand Old Man Johnny Moss
10%
The Kid Stu Ungar
10%
Puggy Walter Pearson
10%
The Master Men Nguyen
5%
Aucun quiz correspondant
Distribution des résultats
% des personnes avec chaque résultat
Percentile par nombre de réponses
Votre historique - résultats
Vous n’avez pas pris ce quiz